LEADER 01014nam--2200373---450- 001 990001743720203316 005 20040610135740.0 010 $a88-335-0093-1 035 $a000174372 035 $aUSA01000174372 035 $a(ALEPH)000174372USA01 035 $a000174372 100 $a20040610d1990----km-y0itay0103----ba 101 0 $aita 102 $aIT 105 $aa|||||||001yy 200 1 $aPop art$euna storia che continua$fMarco Livingstone$gtraduzione dall'inglese Marina Tempini 210 $aMilano$cLeonardo$d1990 215 $a271 p.$cill.$d29 cm 410 0$12001 454 1$12001$aPop art$925904 461 1$1001-------$12001 606 0 $aPop art 676 $a709.04071 700 1$aLIVINGSTONE,$bMarco$0551018 702 1$aTEMPINI,$bMarina 801 0$aIT$bsalbc$gISBD 912 $a990001743720203316 951 $aVII B 229$b105621 L.M.$cVII B 959 $aBK 969 $aUMA 979 $aSIAV6$b10$c20040610$lUSA01$h1357 996 $aPop art$925904 997 $aUNISA